[Event "Andalucia-ch U12"]
[Site "Islantilla"]
[Date "2012.04.13"]
[Round "3"]
[White "Jodar Carrascosa, Hipolito"]
[Black "Jimenez Lozano, Francisco Javier"]
[Result "0-1"]
[WhiteElo "1140"]
[BlackElo "1667"]
[PlyCount "65"]
[EventDate "2012.04.13"]
[EventType "swiss"]
[EventRounds "9"]
[EventCountry "ESP"]
[SourceTitle "CBM 148 Extra"]
[Source "ChessBase"]
[SourceDate "2012.06.22"]
[SourceVersion "1"]
[SourceVersionDate "2012.06.22"]
[SourceQuality "1"]

1. e4 c5 2. c4 Nc6 3. Nc3 g6 4. g3 Bg7 5. Nge2 Nf6 6. d3 0-0 7. Bg2 d6 8. 0-0 e5 9. a3 Nd4 10. Nxd4 exd4 11. Nd5 Nxd5 12. exd5 Re8 13. Re1 Bf5 14. Rxe8+ Qxe8 15. Bf4 Qd7 16. Qf1 Re8 17. Re1 Rxe1 18. Qxe1 Bxd3 19. b3 Bc2 20. b4 b6 21. b5 d3 22. Qd2 Qe7 23. Be3 Qf6 24. Be4 Qc3 25. a4 Qxc4 26. Bf3 Qxd5 27. Bf4 Bd1 28. Kg2 Be5 29. Bxe5 Qxe5 30. Kf1 c4 31. Qe1 Qxe1+ 32. Kxe1 c3 33. Kxd1 0-1